Girona–Costa Brava Airport Destinations (Girona, Spain) - Statistics

General Stats
  • This quiz has been taken 117 times
    24 since last reset
  • The average score is 33 of 50
Answer Stats
Airline Destination % Correct
Jet2.com Edinburgh
100%
Jet2.com Glasgow
100%
Jet2.com/Ryanair/TUI Airways Manchester
100%
Transavia Amsterdam
95%
Jet2.com/Ryanair/TUI Airways Birmingham
95%
Jet2.com/Ryanair Bristol
95%
Ryanair/TUI fly Belgium Brussels
95%
Jet2.com/TUI Airways London (Gatwick)
95%
Jet2.com London (Luton)
95%
Jet2.com/Ryanair London (Stansted)
95%
Smartwings Warsaw (Chopin)
95%
Ryanair Belfast (International)
90%
Ryanair Kraków
90%
Jet2.com/Ryanair Leeds/Bradford
90%
Luxair Luxembourg
90%
Jet2.com Newcastle upon Tyne
90%
Transavia Rotterdam/The Hague
90%
Ryanair Cork
85%
Ryanair Dublin
80%
Jet2.com/Ryanair East Midlands
80%
Enter Air Gdańsk
80%
Smartwings Prague
80%
Wizz Air Budapest
75%
Ryanair Charleroi
75%
Ryanair Beauvais
70%
Ryanair Bournemouth
70%
Ryanair Bucharest (Băneasa)
70%
Ryanair Hahn
70%
Enter Air/Smartwings Katowice
70%
Enter Air/Ryanair Poznań
65%
Ryanair Shannon
65%
Ryanair Wrocław
65%
Ryanair Eindhoven
60%
Ryanair Weeze
55%
Ryanair Zagreb
50%
Ryanair Lublin
45%
Ryanair Ostrava
45%
Ryanair Pisa
45%
Ryanair Bari
40%
Ryanair Karlsruhe/Baden-Baden
35%
Ryanair Aalborg
30%
Ryanair Knock
30%
Ryanair Marrakesh
30%
Ryanair Nuremberg
30%
Ryanair Memmingen
25%
Ryanair Sarajevo
20%
Ryanair Beni Mellal
15%
Ryanair Pardubice
15%
Ryanair Pescara
15%
Ryanair Paderborn/Lippstadt
10%
No matching quizzes found
Score Distribution
Percent of People with Each Score
Percentile by Number Answered
Your Score History
You have not taken this quiz since the last reset